[Event "TCh-SWE Superettan"]
[Site "Sweden SWE"]
[Date "2016.03.20"]
[Round "9.2"]
[White "Andersson,U"]
[Black "Johansson,Ja SWE"]
[Result "1-0"]
[WhiteElo "2512"]
[BlackElo "2368"]

1.Nf3 Nf6 2.c4 e6 3.g3 d5 4.d4 dxc4 5.Qa4+ Bd7 6.Qxc4 Bc6 7.Bg2 Bd5 8.Qd3 Be4
9.Qd1 c5 10.O-O Nbd7 11.Nc3 Bc6 12.Qd3 Qb6 13.Rd1 Rd8 14.Be3 Nd5 15.Nxd5 Bxd5
16.b3 Be7 17.Rac1 O-O 18.dxc5 Nxc5 19.Qc3 Bxf3 20.Rxd8 Qxd8 21.Bxf3 b6 22.b4 Na6
23.a3 Bd6 24.Rd1 Nc7 25.Qc6  1-0

[Event "Paskturneringen Open 2016"]
[Site "Norrkoping SWE"]
[Date "2016.03.25"]
[Round "1.3"]
[White "Andersson,U"]
[Black "Qwarfort,Fredrik"]
[Result "1-0"]
[WhiteElo "2512"]
[BlackElo "1914"]

1.Nf3 Nf6 2.c4 g6 3.g3 Bg7 4.Bg2 O-O 5.O-O c5 6.Nc3 Nc6 7.d4 cxd4 8.Nxd4 a6
9.c5 Qc7 10.Nb3 d6 11.cxd6 Qxd6 12.Qxd6 exd6 13.Rd1 Rd8 14.Bf4 Ne8 15.Bg5 Bf6
16.Bxf6 Nxf6 17.Nd4 Bd7 18.Nc2 Bf5 19.Ne3 Be6 20.Rd2 Kf8 21.Na4 a5 22.b3 Ke7
23.Rad1 Ra6 24.f4 b5 25.Nc3 Rb6 26.Nxb5 Rxb5 27.Bxc6 Rc5 28.Bf3 h5 29.Nd5+ Nxd5
30.Bxd5 Bxd5 31.Rxd5 Rxd5 32.Rxd5 Ra8 33.Kf2 f5 34.a4 Ke6 35.Rb5 Kd7 36.Ke3 Kc6
37.Kd4 Ra7 38.e4 fxe4 39.Kxe4 Rb7 40.Rxb7 Kxb7 41.Kd5 Kc7 42.h3  1-0

[Event "Paskturneringen Open 2016"]
[Site "Norrkoping SWE"]
[Date "2016.03.25"]
[Round "2.3"]
[White "Olsson,Si"]
[Black "Andersson,U"]
[Result "0-1"]
[WhiteElo "2088"]
[BlackElo "2512"]

1.d4 Nf6 2.Bg5 e6 3.e4 h6 4.Bxf6 Qxf6 5.Nc3 d6 6.Qd2 g6 7.f4 Bg7 8.Nf3 Qe7
9.O-O-O Nd7 10.g4 a6 11.f5 b6 12.Bd3 Bb7 13.Rhf1 c5 14.fxg6 fxg6 15.e5 O-O
16.exd6 Qxd6 17.Ne4 Qf4 18.dxc5 Nxc5 19.Nxc5 bxc5 20.Nh4 Qxd2+ 21.Kxd2 g5
22.Ng6 Rfe8 23.Kc1 Rad8 24.h4 Rd4 25.Rg1 c4 26.Be2 Bd5 27.c3 Rxd1+ 28.Rxd1 Bf6
29.h5 Rb8 30.Rf1 Kg7 31.Bf3 Rd8 32.Kc2 a5 33.b3 Rc8 34.Bxd5 exd5 35.Rf3 Re8
36.Kd2 Re4 37.Rg3 Kf7 38.Rg2 d4 39.cxd4 Rxd4+ 40.Kc2  0-1

[Event "TCh-SWE Elitserien"]
[Site "Sweden SWE"]
[Date "2016.10.15"]
[Round "2.5"]
[White "Livner,A"]
[Black "Andersson,U"]
[Result "0-1"]
[WhiteElo "2321"]
[BlackElo "2521"]

1.c4 c5 2.g3 g6 3.Bg2 Bg7 4.Nc3 Nf6 5.e4 Nc6 6.Nge2 d6 7.O-O O-O 8.d3 a6
9.a4 Rb8 10.h3 Ne8 11.Be3 e5 12.Rb1 Nc7 13.Qd2 b5 14.b3 Nd4 15.Kh2 b4 16.Nd1 Nce6
17.Ng1 Bb7 18.Bh6 Bxh6 19.Qxh6 f5 20.exf5 gxf5 21.Bxb7 Rxb7 22.f4 exf4 23.gxf4 Rf6
24.Qh4 Rg6 25.Qxd8+ Nxd8 26.Ne3 N8c6 27.Nf3 Re7 28.Ng2 Re2 29.Nh4 Rge6 30.Kh1 Kf7
31.Nf3 Nxf3 32.Rxf3 Nd4 33.Rg3 Rg6 34.Rxg6 hxg6  0-1

[Event "20th OIBM 2016"]
[Site "Bad Wiessee GER"]
[Date "2016.10.29"]
[Round "1.21"]
[White "Andersson,U"]
[Black "Aldag,B"]
[Result "1-0"]
[WhiteElo "2521"]
[BlackElo "1944"]

1.Nf3 c5 2.c4 Nc6 3.Nc3 Nf6 4.g3 g6 5.Bg2 Bg7 6.d4 cxd4 7.Nxd4 Qb6 8.Nc2 d6
9.O-O O-O 10.b3 Bd7 11.Bd2 Qd8 12.Rc1 Qc8 13.Re1 h5 14.Ne3 Be6 15.Ncd5 Qd7
16.Nf4 Rfd8 17.Bc3 Bf5 18.Nfd5 Kf8 19.Nxf6 Bxf6 20.Bxf6 exf6 21.Qd2 Kg7 22.Red1 Rac8
23.Qb2 Be6 24.Rd2 Qe7 25.Rcd1 Rd7 26.Qc3 Rcd8 27.f4 Qf8 28.Kf2 Ne7 29.Bf3 Qh8
30.Qb4 Nf5 31.Nxf5+ Bxf5 32.Rxd6 Qf8 33.c5 b6 34.Qd4 Rxd6 35.cxd6 Bd7 36.a4 Qe8
37.Rd3 Rb8 38.Re3 Qd8 39.Re7 a6 40.Qd5 Be8 41.h3 b5 42.a5 b4 43.g4 h4 44.Qd4 Qxa5
45.d7 Bxd7 46.Rxd7  1-0

[Event "20th OIBM 2016"]
[Site "Bad Wiessee GER"]
[Date "2016.10.30"]
[Round "2.22"]
[White "Olbrisch,M"]
[Black "Andersson,U"]
[Result "0-1"]
[WhiteElo "2091"]
[BlackElo "2521"]

1.d4 Nf6 2.Nf3 e6 3.Bf4 b6 4.e3 Bb7 5.Nbd2 Bd6 6.Ne5 Be7 7.c3 d6 8.Qa4+ c6
9.Nef3 Nh5 10.Qc2 Nd7 11.Bd3 h6 12.h3 Nxf4 13.exf4 Qc7 14.O-O-O O-O-O 15.Rhe1 g6
16.Kb1 Kb8 17.g3 Bf6 18.Bf1 Bg7 19.h4 c5 20.dxc5 Nxc5 21.Re3 e5 22.f5 gxf5
23.Qxf5 Bc8 24.Qc2 d5 25.Rde1 e4 26.Nd4 f5 27.f4 Bxd4 28.cxd4 Ne6 29.Qxc7+ Kxc7
30.Nb3 Bd7 31.Bh3 Rhf8 32.Bf1 Kd6 33.Ba6 Rg8 34.Rc1 Rg7 35.Rcc3 Rgg8 36.Kc1 Ba4
37.Bb7 Rb8 38.Ba6 Bxb3 39.axb3 Nxd4 40.b4 Ne6 41.Rc2 d4 42.Ra3 d3 43.Bxd3 exd3
44.Rxd3+ Ke7 45.Re2 Rbd8 46.Rde3 Rd6 47.Ra3 Kf6 48.Ree3 Rg7 49.Ra6 Nd4 50.Kb1  0-1

[Event "20th OIBM 2016"]
[Site "Bad Wiessee GER"]
[Date "2016.10.31"]
[Round "3.21"]
[White "Andersson,U"]
[Black "Weller,M"]
[Result "1-0"]
[WhiteElo "2521"]
[BlackElo "2181"]

1.Nf3 d5 2.d4 Nf6 3.c4 c6 4.Qb3 dxc4 5.Qxc4 Bg4 6.Nbd2 Nbd7 7.g3 Nb6 8.Qc2 g6
9.Bg2 Bg7 10.h3 Be6 11.O-O O-O 12.Rd1 h6 13.e4 Nfd7 14.Nb3 Bxb3 15.Qxb3 e6
16.a4 a5 17.Be3 Re8 18.Rac1 Kh7 19.Ne1 Rc8 20.Nd3 Qc7 21.Kh2 Qd6 22.Nc5 Qc7
23.d5 Nxc5 24.Bxc5 Nd7 25.Be3 Bf8 26.d6 Qb8 27.f4 f6 28.Rc2 Rcd8 29.Rcd2 Kg7
30.e5 f5 31.g4 Kh7 32.gxf5 gxf5 33.Bf3 Bg7 34.Bh5 Nf8 35.Bxe8 Rxe8 36.d7  1-0

[Event "20th OIBM 2016"]
[Site "Bad Wiessee GER"]
[Date "2016.11.02"]
[Round "5.20"]
[White "Engel,Jo"]
[Black "Andersson,U"]
[Result "0-1"]
[WhiteElo "2159"]
[BlackElo "2521"]

1.d4 d5 2.c4 dxc4 3.e3 Nf6 4.Bxc4 e6 5.Nc3 a6 6.Nf3 b5 7.Bd3 Bb7 8.O-O c5
9.dxc5 Bxc5 10.a3 Nbd7 11.e4 Qb8 12.h3 O-O 13.Qe2 Rd8 14.Bg5 h6 15.Be3 Nh5
16.Bxc5 Nxc5 17.Bc2 Qc7 18.Rfd1 Nf6 19.Rac1 Rxd1+ 20.Rxd1 Rc8 21.Bb1 Ncd7
22.Qe3 Qb6 23.Qf4 b4 24.Rd6 Qc7 25.axb4 Ne8 26.e5 Nxe5 27.Rd4 Nxf3+ 28.gxf3 e5  0-1

[Event "20th OIBM 2016"]
[Site "Bad Wiessee GER"]
[Date "2016.11.03"]
[Round "6.16"]
[White "Andersson,U"]
[Black "Henderson de La Fuente,Lance"]
[Result "1/2-1/2"]
[WhiteElo "2521"]
[BlackElo "2362"]

1.Nf3 Nf6 2.c4 b6 3.g3 Bb7 4.Bg2 g6 5.b3 Bg7 6.Bb2 O-O 7.Nc3 c5 8.O-O d5
9.Nxd5 Nxd5 10.Bxg7 Kxg7 11.cxd5 Qxd5 12.d4 cxd4 13.Qxd4+ Qxd4 14.Nxd4 Bxg2
15.Kxg2 Nd7 16.Rfd1 Nf6 17.Rac1 Rfc8 18.Nb5 a5 19.Kf3 h5 20.h3 Rxc1 21.Rxc1 Rd8
22.Rc2 Rd5 23.Nc7 Rd1 24.Nb5 Nd5 25.Nc3 Nxc3 26.Rxc3 Rd2 27.Rc6 Rxa2 28.Rxb6 a4
29.bxa4 Rxa4  1/2-1/2

[Event "20th OIBM 2016"]
[Site "Bad Wiessee GER"]
[Date "2016.11.04"]
[Round "7.18"]
[White "Cordes,HJ"]
[Black "Andersson,U"]
[Result "1/2-1/2"]
[WhiteElo "2244"]
[BlackElo "2521"]

1.d4 Nf6 2.Bg5 e6 3.Nd2 d5 4.e3 Be7 5.Bd3 b6 6.c3 Bb7 7.Bxf6 Bxf6 8.f4 Nd7
9.Ngf3 c5 10.O-O g6 11.Ne5 O-O 12.Qa4 Nxe5 13.fxe5 Bg7 14.b4 Qc7 15.Rac1 Bh6
16.Rfe1 Rfc8 17.Rc2 a5 18.b5 cxd4 19.cxd4 Qe7 20.Nf1 Rxc2 21.Qxc2 Rc8 22.Qb2 Qc7
23.Re2 Qc3 24.Qxc3 Rxc3 25.Rd2 f6 26.exf6 Kf7 27.Rc2 Rxc2 28.Bxc2 Kxf6 29.Kf2 e5
30.dxe5+ Kxe5 31.Nd2 d4 32.Nf3+ Kd5  1/2-1/2

[Event "20th OIBM 2016"]
[Site "Bad Wiessee GER"]
[Date "2016.11.05"]
[Round "8.21"]
[White "Andersson,U"]
[Black "Partenheimer,A"]
[Result "1/2-1/2"]
[WhiteElo "2521"]
[BlackElo "2194"]

1.Nf3 d5 2.d4 Nf6 3.c4 c6 4.Qb3 dxc4 5.Qxc4 Bg4 6.Nbd2 Nbd7 7.g3 e6 8.Bg2 Be7
9.Ne5 Bh5 10.Nxd7 Nxd7 11.O-O O-O 12.Nb3 Rc8 13.Bf4 Nb6 14.Qd3 Bg6 15.Be4 Bxe4
16.Qxe4 Nd5 17.Bd2 Bb4 18.Bxb4 Nxb4 19.a3 Nd5 20.Rac1 Nf6 21.Qc2 Qd5 22.f3 Rfd8
23.e4 Qb5 24.Qc4 Qb6 25.Kg2 h6 26.Rf2 Ne8 27.Qc3 Nc7 28.Rd2 Rd6 29.Rcd1 Rcd8
30.a4 Na6 31.Na5 R6d7 32.Nc4 Qb4 33.Qxb4 Nxb4 34.Kf2 Kf8 35.Ke2 Ke7 36.h4 h5
37.Na5 g6 38.Nb3 Na6 39.Rc1 Rd6 40.Ke3 R6d7 41.g4 hxg4 42.fxg4 f5 43.gxf5 gxf5
44.exf5 Rh8 45.fxe6 Kxe6 46.Rh1 Kd5 47.Kd3 Rg7 48.Rh3 Nb4+ 49.Kc3 Na2+ 50.Kd3 Nb4+
51.Kc3 Na2+  1/2-1/2

[Event "20th OIBM 2016"]
[Site "Bad Wiessee GER"]
[Date "2016.11.06"]
[Round "9.19"]
[White "Stolte,A"]
[Black "Andersson,U"]
[Result "0-1"]
[WhiteElo "2209"]
[BlackElo "2521"]

1.d4 Nf6 2.c4 e6 3.g3 d5 4.Bg2 Be7 5.Nf3 O-O 6.O-O dxc4 7.Qc2 a6 8.Qxc4 b5
9.Qc2 Bb7 10.Bf4 Nc6 11.Nbd2 Nxd4 12.Nxd4 Bxg2 13.Kxg2 Qxd4 14.Nf3 Qb6 15.Qxc7 Qxc7
16.Bxc7 Nd5 17.Rac1 Rfc8 18.Ba5 Kf8 19.Ne5 Ke8 20.Nd3 Bd8 21.Bxd8 Kxd8 22.Kf3 a5
23.Rfd1 Ke8 24.Ke4 Rc4+ 25.Rxc4 bxc4 26.Nf4 Rb8 27.Nxd5 exd5+ 28.Rxd5 Rxb2
29.Rxa5 Rxe2+ 30.Kf3 Rb2 31.Re5+ Kd7 32.Re2 c3 33.Re1 Rxa2 34.Rc1 c2 35.Ke3 Ke6
36.Kd2 Kf5 37.f3 g5 38.h3 h5 39.Rf1  0-1

[Event "2nd Bundesliga West 2016-17"]
[Site "Germany GER"]
[Date "2016.11.20"]
[Round "2.1"]
[White "Andersson,U"]
[Black "Hendriks,W"]
[Result "1/2-1/2"]
[WhiteElo "2521"]
[BlackElo "2396"]

1.Nf3 d6 2.d4 Nf6 3.c4 g6 4.g3 Bg7 5.Bg2 O-O 6.Nc3 Nbd7 7.O-O e5 8.e4 c6
9.b3 a6 10.Qc2 Re8 11.d5 cxd5 12.Nxd5 Nxd5 13.cxd5 Nf6 14.Bd2 Bd7 15.Rac1 Rc8
16.Qb1 Qb6 17.h3 Bf8 18.Be3 Qb4 19.Nd2 Bb5 20.Nc4 Bxc4 21.Rxc4 Rxc4 22.bxc4 Qxc4
23.Rc1 Qb5 24.Qxb5 axb5 25.Rb1 Ra8 26.Rxb5 Rxa2 27.Rxb7 Ra8 28.f3 Re8 29.Bf1 Re7
30.Rb6 Rc7 31.Rc6 Rb7 32.Bb6 Nd7 33.Bc7 Bh6 34.h4 Be3+ 35.Kh2 Nb8 36.Bxb8 Rxb8
37.Rxd6 Rb2+ 38.Kh3 h5 39.Rc6 Kg7 40.Rc3 Bd4 41.Rd3 f5 42.Rd1 Kf6 43.d6 fxe4
44.fxe4 Rb6 45.Bc4 Rxd6 46.Rf1+ Kg7 47.Rf7+ Kh6 48.Re7 g5 49.hxg5+ Kxg5 50.Re8 Rf6
51.Be6 Rg6 52.Bf7 Rg7 53.Bd5 Rg6 54.Bf7 Rg7 55.Bc4 Rg6 56.Be6 Rf6 57.Bc4 Rg6
58.Be6 Bc3 59.Bf5 Rg7 60.Re6 Bd4 61.Rc6 Bb2 62.Rc8 Bd4 63.Rc6 Bb2 64.Kg2 Bd4
65.Kf3 Bb2 66.Rc8 Bd4 67.Rf8 Bc5 68.Rh8 Bd4 69.Kg2 Bc5 70.Be6 Be7 71.Bf5 Bc5
72.Kf3 Bd4 73.Be6 Bc5 74.Bd5 Be7 75.Kg2 Bf6 76.Kh3 Rc7 77.Rg8+ Rg7 78.Rf8 Rc7
79.Be6 Kg6 80.Bf5+ Kg5 81.Kg2 Rc2+ 82.Kf3 Rc3+ 83.Kf2 Rc2+ 84.Kf1 Rc7 85.Ke2 Rc2+
86.Kd1 Rc7 87.Kd2 Bg7 88.Re8 h4 89.gxh4+  1/2-1/2

[Event "2nd Bundesliga West 2016-17"]
[Site "Germany GER"]
[Date "2017.02.05"]
[Round "5.1"]
[White "Tomic,Bos"]
[Black "Andersson,U"]
[Result "0-1"]
[WhiteElo "2460"]
[BlackElo "2521"]

1.c4 c5 2.g3 g6 3.Bg2 Bg7 4.Nc3 Nf6 5.e3 e6 6.Nge2 Nc6 7.d4 cxd4 8.Nxd4 d5
9.cxd5 Nxd5 10.Qb3 O-O 11.O-O Nxc3 12.bxc3 Na5 13.Qb4 Re8 14.Nb3 Nc6 15.Qc4 Bd7
16.Rd1 Qe7 17.Qc5 Red8 18.Qxe7 Nxe7 19.Bxb7 Bc6 20.Rxd8+ Rxd8 21.Bxc6 Nxc6
22.Nd4 Na5 23.Ba3 e5 24.Ne2 Nc4 25.Bc5 Rd5 26.Bxa7 Ra5 27.Bb8 Ra8 28.Rb1 Rxa2
29.Rb4 Nxe3 30.fxe3 Rxe2 31.Bd6 h5 32.Rb8+ Kh7 33.Rb7 g5 34.Rxf7 Kg6 35.Rf2 Rxe3
36.Rc2 Rd3 37.Bc5 e4 38.c4 h4 39.gxh4 gxh4 40.Bf2 h3 41.Kf1 Be5 42.Be1 Rf3+
43.Rf2 Rxf2+ 44.Bxf2 Bxh2 45.Bb6 Kf5 46.Bc5 Ke6 47.Be3 Kd6 48.Kf2 Kc6 49.c5 Kd5
50.Kf1 Kc4 51.Kf2 Kd3 52.Bg5 Bc7 53.Bh6 h2 54.Kg2 Kd4 55.Bf8 e3 56.Bh6 e2
57.Bd2 Kxc5 58.Be1 Kd4 59.Bf2+ Kd3 60.Be1 Kc2 61.Bh4 Kd1 62.Kh1 Ba5 63.Kg2 Be1
64.Be7 Bg3 65.Bb4 Bf4  0-1

[Event "TCh-SWE Elitserien"]
[Site "Sweden SWE"]
[Date "2017.03.24"]
[Round "7.4"]
[White "Von Bahr,O"]
[Black "Andersson,U"]
[Result "1/2-1/2"]
[WhiteElo "2362"]
[BlackElo "2521"]

1.e4 e6 2.d4 d5 3.Nd2 c5 4.exd5 Qxd5 5.Ngf3 cxd4 6.Bc4 Qd6 7.O-O Nf6 8.Nb3 Nc6
9.Nbxd4 Nxd4 10.Nxd4 a6 11.Bb3 Be7 12.Bg5 O-O 13.c3 Re8 14.Qf3 Nd5 15.h4 h6
16.Bxe7 Nxe7 17.Rad1 Qc7 18.h5 Bd7 19.Qd3 Nd5 20.Bxd5 exd5 21.Nf5 Qe5 22.Nd4 Qxh5
23.Rfe1 Rad8 24.Qg3 Qg5 25.Qxg5 hxg5 26.f3 f6 27.Kf2 Re5 28.Rh1 Rde8 29.Rd2 Kf7
30.Rdd1 Ba4 31.Rd2 Kg6 32.Rd3 Bb5 33.Rd2 Bd7 34.Rd3 Ba4 35.Rd2 Re3 36.g3 R3e5
37.Rd3 Bb5 38.Rd2 Bd7 39.Rd3 Kf7 40.Rd2 Bb5 41.Rc2 Bd7 42.Rd2 Bb5 43.Rc2 Kg6
44.Rd2 Bc6 45.Rd3 Bd7 46.Rdd1 Bb5  1/2-1/2

[Event "2nd Bundesliga West 2016-17"]
[Site "Germany GER"]
[Date "2017.04.23"]
[Round "8.1"]
[White "Andersson,U"]
[Black "Handke,F"]
[Result "1-0"]
[WhiteElo "2521"]
[BlackElo "2514"]

1.Nf3 Nf6 2.c4 g6 3.g3 c6 4.Bg2 Bg7 5.O-O O-O 6.d4 d5 7.cxd5 cxd5 8.Ne5 Ne4
9.Nd2 Nd7 10.Nxe4 dxe4 11.Bxe4 Nxe5 12.dxe5 Bh3 13.Bg2 Bxg2 14.Kxg2 Bxe5
15.Bh6 Qxd1 16.Raxd1 Rfd8 17.b3 f5 18.e4 fxe4 19.Rxd8+ Rxd8 20.Re1 Bf6 21.Rxe4 g5
22.Bxg5 Bxg5 23.Rg4 h6 24.h4 Rd5 25.f4 Rd2+ 26.Kh3 Rxa2 27.fxg5 Re2 28.gxh6+ Kh7
29.Rc4 Re3 30.b4 Rb3 31.Re4 e5 32.h5 Kxh6 33.Kh4 Rb1 34.Rxe5 Rxb4+ 35.g4 a6
36.Re6+ Kh7 37.h6 a5 38.Kh5 a4 39.g5 Rb5 40.Re7+ Kg8 41.h7+  1-0

[Event "3rd IF Payroll Rapid 2017"]
[Site "Sanem LUX"]
[Date "2017.09.24"]
[Round "1.8"]
[White "Andersson,U"]
[Black "Martinez Martinez,Mateo"]
[Result "1-0"]
[WhiteElo "2523"]
[BlackElo "1739"]

1.d4 Nf6 2.Nf3 e6 3.g3 c5 4.Bg2 cxd4 5.Nxd4 d5 6.O-O Bc5 7.Nb3 Bb6 8.c4 dxc4
9.Qxd8+ Bxd8 10.N3d2 Na6 11.Nxc4 Be7 12.Nc3 O-O 13.Rd1 Nc7 14.Bf4 Ncd5 15.Nxd5 Nxd5
16.Bd6 Bxd6 17.Nxd6 b6 18.Bxd5 exd5 19.Rxd5 Rd8 20.Nxc8 Raxc8 21.Rxd8+ Rxd8
22.Rc1 g6 23.Rc2 h5 24.Kg2 Rd6 25.h4 Kg7 26.f3 a6 27.Kf2 Kf6 28.Ke3 Ke5 29.b3 f6
30.Rc8 Kf5 31.Rc4 g5 32.hxg5 fxg5 33.g4+ hxg4 34.Rxg4 b5 35.Rb4 Rd5 36.Rd4 Re5+
37.Kd3 a5 38.a3 Rc5 39.b4 axb4 40.axb4 Re5 41.e3 Kf6 42.Rd6+ Kf5 43.Kd4 Re8
44.Rd5+ Kf6 45.Rxb5 Rd8+ 46.Ke4 Re8+ 47.Kd3 Rd8+ 48.Ke2 Rc8 49.Rc5 Rb8 50.b5 g4
51.fxg4 Ra8 52.Kf3 Ke6 53.b6 Kd6 54.Rc3 Rb8 55.Rb3 Ke6 56.b7 Kf6 57.Rb5 Ke6
58.g5 Rf8+ 59.Kg4 Rb8 60.g6 Kf6 61.Rb6+ Kg7 62.e4 Kh6 63.e5 Kg7 64.Kf4 Kg8
65.Kg5 Kg7 66.Rb5 Kg8 67.Kh6 Kf8 68.Kh7  1-0

[Event "3rd IF Payroll Rapid 2017"]
[Site "Sanem LUX"]
[Date "2017.09.24"]
[Round "2.8"]
[White "Favier,A"]
[Black "Andersson,U"]
[Result "0-1"]
[WhiteElo "2081"]
[BlackElo "2523"]

1.d4 d5 2.c4 dxc4 3.Nf3 Nf6 4.Nc3 c6 5.g3 g6 6.Bg2 Bg7 7.O-O O-O 8.Ne5 Be6
9.e4 Nfd7 10.Nxd7 Qxd7 11.Be3 Na6 12.Qd2 Bh3 13.f4 Bxg2 14.Kxg2 f5 15.Rad1 fxe4
16.d5 Nb4 17.dxc6 Qxc6 18.Qd7 Nd3 19.Qxc6 bxc6 20.Nxe4 Bxb2 21.Nd2 c3 22.Nc4 Rfd8
23.Rb1 Rd5 24.a4 Rb8 25.Nxb2 cxb2 26.Kf3 a6 27.Ke4 Rb4+ 28.Kf3 Rxa4  0-1

[Event "3rd IF Payroll Rapid 2017"]
[Site "Sanem LUX"]
[Date "2017.09.24"]
[Round "3.8"]
[White "Andersson,U"]
[Black "Linster,P"]
[Result "1-0"]
[WhiteElo "2523"]
[BlackElo "2224"]

1.d4 Nf6 2.Nf3 e6 3.g3 d5 4.Bg2 b5 5.O-O Be7 6.Ne5 c5 7.dxc5 Bxc5 8.e4 Bb7
9.exd5 Bxd5 10.Nc3 O-O 11.Nxd5 Nxd5 12.Qe2 Nd7 13.Nxd7 Qxd7 14.Bd2 Rac8 15.Rad1 Be7
16.c3 Bf6 17.Be3 Rfd8 18.Bxd5 exd5 19.Bd4 Bxd4 20.Rxd4 Rc4 21.Rfd1 Rxd4 22.Rxd4 a6
23.Qd2 Qe6 24.b3 Re8 25.Rxd5 Qe1+ 26.Qxe1 Rxe1+ 27.Kg2 g6 28.Rd6 Rc1 29.Rxa6 Rxc3
30.Rb6 Rc2 31.a4 bxa4 32.bxa4 Ra2 33.Rb4 Ra3 34.h4 h5 35.Kf1 Ra2 36.Rf4 Kg7
37.Ke1 f6 38.Rb4 g5 39.Kf1 Kg6 40.Kg2 Ra3 41.Rc4 Kg7 42.hxg5 fxg5 43.Rc7+ Kg6
44.Rc6+ Kg7 45.Ra6 Kf7 46.a5 Kg7 47.Ra8 Kh7 48.a6 Kg7 49.f4 g4 50.a7 Ra2+
51.Kf1 Ra5 52.Kf2 Ra3 53.f5  1-0

[Event "3rd IF Payroll Rapid 2017"]
[Site "Sanem LUX"]
[Date "2017.09.24"]
[Round "4.1"]
[White "Korobov,A"]
[Black "Andersson,U"]
[Result "1-0"]
[WhiteElo "2652"]
[BlackElo "2523"]

1.d4 Nf6 2.c4 e6 3.Nf3 Bb4+ 4.Nbd2 b6 5.a3 Bxd2+ 6.Qxd2 Bb7 7.e3 O-O 8.Be2 d6
9.O-O Nbd7 10.b4 a5 11.Bb2 axb4 12.axb4 Qe7 13.Qc2 Rxa1 14.Rxa1 Ra8 15.Rxa8+ Bxa8
16.Nd2 c5 17.Qa4 Qd8 18.Qa3 Bb7 19.f3 Qa8 20.Kf2 Qxa3 21.Bxa3 Bc6 22.bxc5 bxc5
23.Nb3 Ba4 24.Na5 cxd4 25.exd4 d5 26.c5 Nb8 27.Ke3 Nc6 28.Nb7 Ne8 29.Bd3 Kf8
30.h4 h6 31.Bb2 Ke7 32.Bc3 Kd7 33.g4 Kc7 34.Na5 Kd7 35.h5 Nxa5 36.Bxa5 Nf6
37.Be1 Ne8 38.Bg3 f6 39.f4 Bc6  1-0

[Event "3rd IF Payroll Rapid 2017"]
[Site "Sanem LUX"]
[Date "2017.09.24"]
[Round "5.7"]
[White "Andersson,U"]
[Black "Wagener,Cl"]
[Result "1/2-1/2"]
[WhiteElo "2523"]
[BlackElo "2238"]

1.d4 Nf6 2.Nf3 g6 3.c4 Bg7 4.g3 d5 5.Bg2 O-O 6.O-O dxc4 7.Na3 Na6 8.Nxc4 c5
9.dxc5 Be6 10.Nfe5 Nxc5 11.Be3 Rc8 12.Rc1 Bd5 13.b4 Bxg2 14.Kxg2 Ne6 15.Bxa7 Qxd1
16.Rfxd1 Ra8 17.Be3 Rxa2 18.Nd7 Rc8 19.Ncb6 Rxc1 20.Rxc1 h5 21.Nxf6+ Bxf6
22.Nd5 Rxe2 23.Nxf6+ exf6 24.Rc8+ Kg7 25.Rb8 f5 26.h4 f4 27.gxf4 Rb2 28.Rxb7 Rb3
29.Kf3 Nd4+ 30.Ke4 Nf5 31.Rb6 Rb1 32.b5 Rb3 33.Ke5 Nxe3 34.fxe3 Rxe3+ 35.Kd5 Rf3
36.Ke5 Re3+ 37.Kd5 Rf3 38.Ke4 Rb3 39.Ke5 Re3+ 40.Kd5 Rf3 41.Rc6 Rxf4 42.Rc4 Rf1
43.b6 Rd1+ 44.Kc6 Rd8 45.Kc7 Rf8 46.b7 g5 47.hxg5 Kg6 48.Rc5 h4 49.b8=Q Rxb8
50.Kxb8 h3 51.Rc3 Kxg5 52.Rxh3 Kg4 53.Rh1 f5 54.Kc7 Kg3 55.Kd6 f4 56.Ke5 Kg2
57.Rh8 f3 58.Rg8+ Kh2 59.Rh8+ Kg2 60.Rg8+ Kh2 61.Rf8 Kg2 62.Ke4  1/2-1/2

[Event "3rd IF Payroll Rapid 2017"]
[Site "Sanem LUX"]
[Date "2017.09.24"]
[Round "6.8"]
[White "Weller,M"]
[Black "Andersson,U"]
[Result "1/2-1/2"]
[WhiteElo "2206"]
[BlackElo "2523"]

1.e4 e6 2.d4 d5 3.Nc3 dxe4 4.Nxe4 Nd7 5.Nf3 Ngf6 6.Bd3 c5 7.Nxf6+ Nxf6 8.c3 cxd4
9.Nxd4 Be7 10.Qe2 O-O 11.O-O Qc7 12.Nb5 Qc6 13.Bf4 a6 14.Nd4 Qb6 15.a4 Bd7
16.a5 Qc5 17.Be5 Bc6 18.Rfd1 Rfd8 19.Nb3 Qa7 20.Bc7 Rd7 21.Bb6 Qb8 22.Nd4 Qc8
23.Nxc6 Qxc6 24.Bc2 Rc8 25.Rxd7 Qxd7 26.Ba4 Qd6 27.Rd1 Qb8 28.Bd7 Rf8 29.Ba4 Rc8
30.Bd7 Rf8 31.Ba4  1/2-1/2

[Event "3rd IF Payroll Rapid 2017"]
[Site "Sanem LUX"]
[Date "2017.09.24"]
[Round "8.8"]
[White "Adrian,C"]
[Black "Andersson,U"]
[Result "1/2-1/2"]
[WhiteElo "2255"]
[BlackElo "2523"]

1.c4 c5 2.Nf3 Nf6 3.Nc3 Nc6 4.d4 cxd4 5.Nxd4 g6 6.Nc2 Bg7 7.g3 O-O 8.Bg2 d6
9.O-O Be6 10.b3 Qd7 11.Re1 Bh3  1/2-1/2

[Event "3rd IF Payroll Rapid 2017"]
[Site "Sanem LUX"]
[Date "2017.09.24"]
[Round "9.7"]
[White "Andersson,U"]
[Black "Pucher,S"]
[Result "1-0"]
[WhiteElo "2523"]
[BlackElo "2346"]

1.d4 d5 2.Nf3 Nf6 3.c4 dxc4 4.e3 Bg4 5.h3 Bh5 6.Bxc4 e6 7.O-O Nc6 8.Nbd2 Bd6
9.Be2 O-O 10.b3 a6 11.Bb2 Nd5 12.Ne5 Nxe5 13.Bxh5 Nd3 14.Qb1 Nxb2 15.Qxb2 f5
16.Bf3 c6 17.Nc4 Bc7 18.Rfe1 Qd7 19.g3 Rae8 20.Rad1 Rd8 21.Bg2 Qe7 22.a3 Rd7
23.b4 Rfd8 24.Qc2 Nf6 25.Re2 g6 26.Red2 Nd5 27.Qb2 Nb6 28.Na5 Bb8 29.Qc2 Nd5
30.Nc4 Bc7 31.Bf3 Bb8 32.Kg2 Bc7 33.Kf1 Bb8 34.Kg1 Bc7 35.Kg2 Bb8 36.Na5 Ba7
37.Nb3 e5 38.dxe5 Qxe5 39.Nc5  1-0

[Event "21st OIBM 2017"]
[Site "Tegernsee GER"]
[Date "2017.10.28"]
[Round "1.17"]
[White "Andersson,U"]
[Black "Zunker,R"]
[Result "1-0"]
[WhiteElo "2523"]
[BlackElo "2106"]

1.d4 Nf6 2.Nf3 e6 3.g3 b5 4.Bg2 Bb7 5.O-O a6 6.Bg5 Be7 7.c3 O-O 8.a4 Nc6
9.Nbd2 d5 10.b4 bxa4 11.Qxa4 Nd7 12.Bxe7 Qxe7 13.Nb3 Nb6 14.Qa2 a5 15.b5 a4
16.Nc5 Na5 17.Qc2 c6 18.Nxa4 Nxa4 19.Qxa4 Nc4 20.Qb3 Na5 21.Qb4 Qxb4 22.cxb4 Nc4
23.bxc6 Bxc6 24.e3 Rfb8 25.Rxa8 Bxa8 26.Rb1 Bc6 27.Bf1 Bb5 28.Rc1 Kf8 29.Ne1 Ke7
30.Ra1 Rb7 31.Nd3 Bd7 32.Nc5 Rc7 33.Bxc4 dxc4 34.Kf1 Bb5 35.Ke1 Kd6 36.Ne4+ Kc6
37.Nc3 Kb6 38.Kd2 Bd7 39.e4 Ra7 40.Rxa7 Kxa7 41.Nd1  1-0

[Event "21st OIBM 2017"]
[Site "Tegernsee GER"]
[Date "2017.10.29"]
[Round "2.14"]
[White "Ehrke,M"]
[Black "Andersson,U"]
[Result "0-1"]
[WhiteElo "2176"]
[BlackElo "2523"]

1.d4 Nf6 2.Bf4 g6 3.e3 Bg7 4.h3 O-O 5.Nf3 d6 6.Be2 c5 7.O-O Qb6 8.Nbd2 d5
9.Qc1 Nc6 10.c3 Bf5 11.Ne5 Rac8 12.a4 Nd7 13.Nxd7 Bxd7 14.Qb1 e5 15.dxe5 Nxe5
16.a5 Qe6 17.Nf3 Bc6 18.Nxe5 Bxe5 19.Bxe5 Qxe5 20.Bf3 d4 21.Bxc6 Rxc6 22.exd4 cxd4
23.Re1 Qf6 24.cxd4 Rd8 25.a6 bxa6 26.Rc1 Rb6 27.Ra4 Rxd4 28.Rxd4 Qxd4 29.Rc2 Kg7
30.Qc1 h5 31.Qd2 Qxd2 32.Rxd2 Kf6 33.Kf1 Ke6 34.Ke1 a5 35.Re2+ Kd7 36.Kd1 Re6
37.Rc2 Rd6+ 38.Ke2 Rc6 39.Rd2+ Rd6 40.Rc2 Rc6 41.Rd2+ Kc7 42.h4 Rd6 43.Rc2+ Kb6
44.Rc3 f5 45.g3 a4 46.Ra3 Kb5 47.Re3 Rd4 48.Kf3 Kb4 49.Re7 Kb3 50.Re2 Ka2  0-1

[Event "21st OIBM 2017"]
[Site "Tegernsee GER"]
[Date "2017.10.30"]
[Round "3.12"]
[White "Andersson,U"]
[Black "Valenta,R"]
[Result "1-0"]
[WhiteElo "2523"]
[BlackElo "1958"]

1.Nf3 d5 2.d4 Nf6 3.c4 e6 4.g3 Nbd7 5.Bg2 c6 6.Nbd2 Bb4 7.O-O Bxd2 8.Nxd2 Qe7
9.e4 Nxe4 10.Nxe4 dxe4 11.Bxe4 Nf6 12.Bg2 O-O 13.Qe2 Rd8 14.Rd1 Qc7 15.Bf4 Qd7
16.a4 a5 17.Qf3 Qe7 18.Qb3 Nh5 19.Be3 Ra6 20.Rac1 h6 21.Rd2 Kh7 22.d5 exd5
23.cxd5 cxd5 24.Rxd5 Re8 25.Rxh5  1-0

[Event "21st OIBM 2017"]
[Site "Tegernsee GER"]
[Date "2017.11.01"]
[Round "5.21"]
[White "Schatz,C"]
[Black "Andersson,U"]
[Result "0-1"]
[WhiteElo "2140"]
[BlackElo "2523"]

1.Nf3 Nf6 2.c4 b6 3.g3 Bb7 4.Bg2 c5 5.O-O g6 6.Nc3 Bg7 7.d4 cxd4 8.Qxd4 d6
9.Rd1 Nbd7 10.b3 Rc8 11.Bb2 O-O 12.Rac1 Ne4 13.Qe3 Nxc3 14.Bxc3 Nf6 15.h3 Qc7
16.a4 Bc6 17.Nd4 Bxg2 18.Kxg2 a6 19.Ba1 Rfd8 20.Nc2 Qb7+ 21.Qf3 Qxf3+ 22.Kxf3 Nd7
23.Bxg7 Kxg7 24.Nb4 Nc5 25.Rb1 e6 26.Nd3 Nd7 27.Nb4 a5 28.Nd3 f5 29.Rd2 Kf7
30.Kg2 Ke7 31.Rbd1 Nf6 32.f3 g5 33.g4 f4 34.Nf2 d5 35.h4 h6 36.hxg5 hxg5
37.Nh3 Rg8 38.Rc1 dxc4 39.Rxc4 Nd5 40.Rxc8 Ne3+ 41.Kh1 Rxc8 42.Rb2 Rh8 43.Kh2 Nd1
44.Rc2 Nf2 45.Kg2 Nxh3 46.Rc6 Rd8 47.Kxh3 Rd2 48.Rxb6 Rxe2 49.Rb5 Kf6 50.Rc5 Rf2
51.Rc3 Ke7 52.Rd3 e5 53.b4 axb4 54.a5 Ra2 55.Rd5 Ke6 56.Rb5 Rf2 57.Rxb4 Rxf3+
58.Kg2 Ra3 59.Rb5 Kd6 60.Kf2 Rc3 61.a6 Ra3 62.Rb6+ Kd5 63.Rg6 Ra2+ 64.Ke1 Ke4
65.Rxg5 Rxa6 66.Rh5 Rg6 67.g5 Kf5 68.Kf2 Rxg5 69.Rh8 Rg3 70.Rf8+ Ke4 71.Ra8 Rd3
72.Ra2 Kf5 73.Ra5 Rb3 74.Rc5 Ra3 75.Rb5 Rc3 76.Ra5 Ke4 77.Ra4+ Kd5 78.Ra5+ Rc5
79.Ra4 e4 80.Ra2 Ke5 81.Rb2 Kf5 82.Re2 Rc4 83.Ra2 Kg4 84.Rb2 e3+ 85.Ke2 Rc3
86.Rb7 f3+ 87.Kd1 Kg3 88.Rh7 Rc4 89.Rh6 Rh4 90.Rg6+ Kf2 91.Rg2+  0-1

[Event "21st OIBM 2017"]
[Site "Tegernsee GER"]
[Date "2017.11.02"]
[Round "6.16"]
[White "Andersson,U"]
[Black "Lubbe,Melanie"]
[Result "1/2-1/2"]
[WhiteElo "2523"]
[BlackElo "2286"]

1.Nf3 Nf6 2.g3 g6 3.b3 Bg7 4.Bb2 d6 5.d4 c5 6.Bg2 Bd7 7.c4 cxd4 8.Nxd4 Nc6
9.O-O O-O 10.Nc3 Qa5 11.Rc1 Rfc8 12.e3 Rab8 13.a3 a6 14.b4 Qd8 15.Nxc6 Bxc6
16.Qe2 Bxg2 17.Kxg2 Qd7 18.Nd5 Nxd5 19.cxd5 Bxb2 20.Qxb2 Rxc1 21.Rxc1 Rc8
22.e4 Qg4 23.Rxc8+ Qxc8 24.Qb3 b5 25.Qd3 h5 26.h4 Qc1 27.Kf3 Kg7 28.Qd4+ Kh7
29.Qd3 Kg7 30.Ke2 Qb2+ 31.Ke3 Qc1+ 32.Kf3 Kh7 33.Ke2 Qb2+ 34.Ke3 Qc1+ 35.Kf3 Kg7
36.Qd4+ Kh7 37.Qd3 Kg7 38.Qd4+ Kh7 39.Qd3  1/2-1/2